[Event "Jesenik Rapid op"]
[Site "Jesenik"]
[Date "2023.08.18"]
[Round "3"]
[White "Bures, Daniel"]
[Black "Gregor, Pavel"]
[Result "0-1"]
[WhiteElo "1111"]
[BlackElo "1519"]
[PlyCount "74"]
[EventDate "2023.08.18"]
[EventType "swiss (rapid)"]
[EventRounds "9"]
[EventCountry "CZE"]
[SourceTitle "CBM 216 Extra"]
[Source "ChessBase"]
[SourceDate "2023.11.30"]
[SourceVersion "1"]
[SourceVersionDate "2023.11.30"]
[SourceQuality "1"]

1. Nf3 e6 2. d4 d5 3. g3 c5 4. Bg2 Qb6 5. 0-0 Nf6 6. Bf4 Nc6 7. e3 Qxb2 8. Nbd2 c4 9. c3 Qb6 10. Rb1 Qd8 11. Qa4 Be7 12. Ne5 Bd7 13. Rxb7 Nxe5 14. Qa6 Bc8 15. Qb5+ Bd7 16. Qb2 Nd3 17. Qb1 Nxf4 18. exf4 0-0 19. Bh3 Bc6 20. Rb2 Qa5 21. a4 Qxc3 22. f5 Qxd4 23. fxe6 fxe6 24. Nf3 Qe4 25. Nd2 Qxb1 26. Rfxb1 c3 27. Rc2 cxd2 28. Rxc6 e5 29. Rd1 Bb4 30. Be6+ Kh8 31. Rc2 d4 32. Rb2 a5 33. Bf5 e4 34. Be6 e3 35. fxe3 dxe3 36. Kf1 Ne4+ 37. Ke2 Nc3+ 0-1